000 00553cam a2200205 4500
001 23701
005 20230410130843.0
008 060907s2005 sp spa
020 _a8498150256
035 _9funglode23869
041 _aspa
050 1 4 _aPQ 6601
_bA334a 2005
100 1 _aAlberti, Rafael,
_d1902-1999.
245 1 3 _aLa arboleda perdida /
_cRafael Alberti
260 _aMadrid :
_bDiario El País,
_c2005
300 _a349 p.
440 3 _aEl País Clásicos españoles ;
_v43
650 4 _aLiteratura española.
942 _2lcc
_cbk
999 _c81576
_d81576